| 000 | 01527cam a2200205 4500 | ||
|---|---|---|---|
| 001 | ##L132078 | ||
| 008 | 060103n2005 000 0 eng u | ||
| 035 | _a(Sirsi) u132078 | ||
| 041 | 0 | _aeng | |
| 050 | 0 | 4 | _a336.185 $2 18 |
| 110 | 1 |
_aUnited Kingdom _bOffice of the Deputy Prime Minister |
|
| 245 | 0 | 0 | _aCouncil tax exemptions and unoccupied dwellings where a planning condition prevents occupancy: consultation paper |
| 260 |
_aLondon _bODPM _c2005 |
||
| 520 | _aSeeks views on a proposed amendment to Class G of the Council Tax (Exempt Dwellings) Order 1992 which would clarify that an unoccupied dwelling in England is exempt from council tax where a planning condition prevents occupancy. There is currently confusion about whether an unoccupied dwelling qualifies for exemption in this situation. Different billing authorities have interpreted this provision in different ways. It is ODPM's present view that Class G would not apply if there were a planning condition which prevented occupancy. This causes a particular problem for chalet owners where planning conditions prevent occupancy for a period each year. Responses are required by 17 March 2006. | ||
| 590 | _aIKA030106 | ||
| 650 | 2 | 4 | _aCOUNCIL TAX (EXEMPT DWELLINGS) ORDER 1992 |
| 690 | _aPROPERTY-RESIDENTIAL PROPERTY-RESIDENTIAL PROPERTY TAXATION-COUNCIL TAX | ||
| 856 | 4 | 0 |
_uhttps://www.communities.gov.uk/publications/localgovernment/counciltaxexemptionsconsult?view=Standard _zView the consultation free of charge at www.dclg.gov.uk... |
| 942 | _n0 | ||
| 999 |
_c105007 _d105007 |
||